| 000 | 00530nam a22001697a 4500 | ||
|---|---|---|---|
| 008 | 111011t xxu||||| |||| 00| 0 eng d | ||
| 020 | _a9 782124 650446 | ||
| 040 |
_aBUAC _cCDIRSP |
||
| 041 | _aFr | ||
| 100 |
_aFERNEZ-WALCH, Sandrine _919489 |
||
| 245 |
_aManagement de nouveaux projets _b: panorama des outils et des pratiques _c / Sandrine, FERNEZ-WALCH |
||
| 260 |
_aParis : _bAFNOR, _c2000 |
||
| 300 | _a239 p. | ||
| 650 |
_aGestion, entreprise _919490 |
||
| 653 |
_aNouveaux projets _aOutils, pratiques |
||
| 942 | _cLIVR | ||
| 999 |
_c49777 _d49777 |
||